000 00809 a2200217 4500
999 _c1503
_d1503
020 _a9780273702573
050 0 0 _aHF5657.4ISS 2007
100 _aHopper Trevor
_eeditor
245 0 0 _aIssues in management accounting /
_cedited by David Ashton, Trevor Hopper, Robert Scapens.
250 _a2nd ed.
264 _aHarlow:
_bPrentice hall.,
_c2007
300 _axvi, 374 p. :
_bill. ;
500 _aIncludes bibliographical references and index.
504 _aIncludes bibliographical references and index.
650 0 _aManagerial accounting.
700 1 _aDeryl Northcott
700 1 _aHopper, Trevor,
_d1946-
700 1 _aScapens, Robert William.
942 _2lcc
_cBK
_e3rd
_h5657.4
_iHOP
_kHF